000 00806nam a22002537a 4500
003 dpl
005 20180809132549.0
008 180809b xxu||||| |||| 00| 0 eng d
010 _aB-121626
020 _c495.00
_a812120836
035 _aB-121626, B-121639
037 _bCen Lib/Ret
040 _aDPL
_bEN
_c0
082 _a305.56
100 _aLouis,Prakash
_98436
245 _aThe political sociology of dalit assertion /
_cby Prakash Louis
260 _aNew Delhi
_bGyan publishing house
_c2003
270 _a5,Ansari road Darya Ganj
_bNew Delhi
_e110002
300 _a326p.
_c21cm(Hb)
500 _aIncludes bibliographical reference and index
650 _aDalits--Political activity
_98437
650 _aDalits--Social conditions
_97271
942 _2ddc
_cEN
_h305.56
_mLOU
999 _c123898
_d123898